Harry Potter A-Z - Statistics

General Stats
  • This quiz has been taken 149 times
  • The average score is 19 of 26
Answer Stats
Letter Hint Answer % Correct
A Albus's brother Aberforth
95%
J Harry's father's name James Potter
90%
L Draco's father Lucius Malfoy
89%
M Narcissa marries above and her surname is now... Malfoy
89%
H Harry's smartest friend who he saves in his first year Hermione Granger
88%
I Headmaster of Durmstrang Igor Karkaroff
86%
T Area of magic where Professor McGonagall teaches Transfiguration
84%
U This Defense Against the Dark Arts teacher has a personality like poisoned honey Dolores Umbridge
83%
R "That Skeeter cow!" Rita Skeeter
83%
S The founder of this house spoke Parseltongue Slytherin
83%
W Pure-blood family whose youngest son befriends Harry on the Hogwarts Express Weasley
83%
X Luna's father Xenophilius Lovegood
82%
F The three-headed dog Fluffy
81%
N Voldemort's loyal servant Nagini
81%
Q The man with two faces Quirinus Quirrell
81%
V The type of cabinet Draco uses in their sixth year Vanishing Cabinet
78%
G Hagrid's half-brother Grawp
75%
Z Joke shop in Hogsmeade Zonko's
74%
D The place where Harry first visits with Hagrid Diagon Alley
71%
B Store where Harry sees Draco and his father Borgin and Burkes
64%
K _________ Alley Knockturn Alley
64%
C Muggle Studies teacher Charity Burbage
57%
P Hogwarts' librarian Madam Pince
55%
E ______1/2 inches, holly and phoenix feather core Eleven
48%
O Area of magic that Dumbledore requests that Harry is taught Occlumency
44%
Y Petunia's friend who is on vacation in Majorca Yvonne
19%
No matching quizzes found
Score Distribution
Percent of People with Each Score
Percentile by Number Answered
Your Score History
You have not taken this quiz